Movies Quiz

Random Movies or Song Quiz
Score 0/35 Timer 10:00
0 Plays Today
Episode feat. song Answer % Correct
Where's God When I'm S-S-Scared?The Water Buffalo Song
89%
Are You My Neighbor?The Hairbrush Song
81.3%
Dave and the Giant PickleI Love My Lips
76.9%
Josh and the Big WallSong of the Cebu
72.5%
Madame BlueberryHis Cheeseburger
72.5%
The Toy that Saved ChristmasOh, Santa
71.4%
Rack, Shack and BennyThe Dance of the Cucumber
70.3%
King George and the DuckyEndangered Love
63.7%
The Wonderful Wizard of Ha's Monkey
61.5%
The Ballad of Little JoeBellybutton
58.2%
Duke and the Great Pie WarThe Blues with Larry
57.1%
Minnesota Cuke and the Search for Samson's HairbrushPizza Angel
57.1%
Lyle the Kindly VikingLarry's High Silk Hat
56%
Gideon: Tuba WarriorLance the Turtle
52.7%
A Snoodle's TaleSports Utility Vehicle
51.6%
Moe and the Big ExitA Mess Down In Egypt
51.6%
Sumo of the OperaSchool House Polka
50.5%
The League of Incredible VegetablesSupper Hero
47.3%
Episode feat. song Answer % Correct
Sheerluck Holmes and the Golden RulerGated Community
46.2%
Sweetpea Beauty: A Girl After God's Own HeartPants
46.2%
Minnesota Cuke and the Search for Noah's UmbrellaSippy Cup
44%
Pistachio: The Little Boy That Woodn'tWhere Have All The Staplers Gone
41.8%
Tomato Sawyer and Huckleberry Larry's Big River RescueThe Biscuit of Zazzamarandabo
40.7%
Saint Nicholas: A Story of Joyful GivingDonuts for Benny
40.7%
It's a Meaningful LifeGoodnight Junior
40.7%
Lord of the BeansBaby Elf
38.5%
Abe and the Amazing PromiseSneeze If You Have To
37.4%
The Penniless PrincessBest Friends Forever
37.4%
Robin Good and His Not-So-Merry MenBubble Wrap
36.3%
Princess and the Pop StarAstonishing Wigs
35.2%
The Little Drummer BoyThe Eight Polish Foods of Christmas
35.2%
Twas the Night Before EasterHopperena
33%
Merry Larry and the True Light of ChristmasWrapped Myself Up For Christmas
33%
Maclarry and the Stinky Cheese BattleStilts and Kilts
31.9%
The Little House That StoodHappy Tooth Day
27.5%
Remove Ads.
Support Sporcle.
Get the best of Sporcle when you Go Orange. This ad-free experience offers more features, more stats, and more fun while also helping to support Sporcle. Thank you for becoming a member.

You're not logged in!

Compare scores with friends on all Sporcle quizzes.
OR
Log In

Show Comments

Extras

Top Quizzes Today


Score Distribution

Your Account Isn't Verified!

In order to create a playlist on Sporcle, you need to verify the email address you used during registration. Go to your Sporcle Settings to finish the process.

Report this User

Report this user for behavior that violates our Community Guidelines.

Details: